[Event "II. CLANSKA LIGA ZAHOD 2012"]
[Site " Ljubljana"]
[Date "2012.10.27"]
[Round "7.5"]
[White "Drobnic, Milan"]
[Black "Torkar, Boris"]
[Result "1/2-1/2"]
[WhiteElo "1731"]
[BlackElo "1849"]
[PlyCount "181"]
[EventDate "2012.10.27"]
[WhiteTeam "SK LOSKA DOLINA"]
[BlackTeam "SD SIMP RADOVLJICA"]

1. d4 d5 2. c4 e6 3. Nc3 c6 4. Nf3 Nf6 5. e3 Nbd7 6. Qc2 Bd6 7. g4 h6 8. Bd3 e5
9. dxe5 Nxe5 10. Nxe5 Bxe5 11. h3 Be6 12. cxd5 Nxd5 13. Nxd5 Bxd5 14. e4 Be6
15. Be3 Qh4 16. O-O-O O-O 17. f4 Bc7 18. f5 Bd7 19. Rdg1 Bb6 20. Qe2 Bxe3+ 21.
Qxe3 c5 22. g5 hxg5 23. Rg4 Qh6 24. h4 c4 25. Bc2 c3 26. Qh3 Rac8 27. hxg5
cxb2+ 28. Kb1 Qxh3 29. Rxh3 Rfd8 30. g6 f6 31. Bb3+ Kf8 32. Rgh4 Bc6 33. Kxb2
Rd2+ 34. Kc3 Rcd8 35. Rh8+ Ke7 36. Rxd8 Rxd8 37. Rh7 Kf8 38. Rh8+ Ke7 39. Rxd8
Kxd8 40. e5 Ke7 41. e6 Be4 42. Bc2 Bd5 43. a3 b6 44. Kd4 Bb7 45. Be4 Ba6 46.
Kd5 Bb7+ 47. Kd4 Ba6 48. Kc3 Be2 49. Kb4 Ba6 50. a4 Be2 51. a5 bxa5+ 52. Kxa5 {
(=)} Bc4 53. Kb4 Ba2 54. Kc5 Bb3 55. Kb4 Ba2 56. Bc2 Bd5 57. Kc5 Ba2 58. Kd4
Kd6 59. Ke4 Bd5+ 60. Kd4 Bc6 61. Be4 Bb5 62. Bd3 Bc6 63. Be4 Ba4 64. Bd3 Bd1
65. Ba6 Ba4 66. Bd3 Bd1 67. Ba6 Bg4 68. Ke4 Bd1 69. Kd4 Bh5 70. Bc4 Bd1 71. Ba6
Ba4 72. Bd3 Bc6 73. Be4 Bb5 74. Bd3 Ba4 75. Ba6 Bb3 76. Bc4 Bd1 77. Ba6 Ba4 78.
Ke4 Bd1 79. Kd4 Ba4 80. Bd3 Bc6 81. Be4 Ba4 82. Bd3 Be8 83. Ba6 Bxg6 84. fxg6
Kxe6 85. Ke4 f5+ 86. Kf4 Kf6 87. Bd3 Kxg6 88. Bxf5+ Kh5 89. Ke4 g5 90. Kd4 a5
91. Kc4 1/2-1/2

[Event "II. CLANSKA LIGA ZAHOD 2012"]
[Site " Ljubljana"]
[Date "2012.10.27"]
[Round "7.6"]
[White "Pretnar, Bostjan"]
[Black "Bavec, Vinko"]
[Result "1-0"]
[WhiteElo "1677"]
[BlackElo "1615"]
[PlyCount "109"]
[EventDate "2012.10.27"]
[WhiteTeam "SD SIMP RADOVLJICA"]
[BlackTeam "SK LOSKA DOLINA"]

1. d4 d5 2. Bg5 Nf6 3. e3 e6 4. Nd2 Be7 5. c4 c6 6. Qc2 h6 7. Bh4 O-O 8. Ngf3
Nbd7 9. Be2 Re8 10. Bg3 Nf8 11. O-O Bd6 12. Bxd6 Qxd6 13. c5 Qe7 14. Ne5 N6d7
15. f4 Nf6 16. Rf3 N6d7 17. Rg3 f5 18. Bh5 Nxe5 19. Bxe8 Ng4 20. Bh5 Nf6 21.
Bf3 Bd7 22. a4 b6 23. b4 Be8 24. Be2 N8d7 25. Bd3 bxc5 26. bxc5 Ng4 27. h3 Ngf6
28. Rf3 Bh5 29. Rff1 Be8 30. Nf3 Nh5 31. Qf2 g6 32. Ne5 Nxe5 33. fxe5 Ng7 34.
Be2 Bf7 35. Rab1 Rf8 36. Rb2 Qc7 37. Rfb1 g5 38. Rb7 Qa5 39. Bd1 Bg6 40. Bc2
Be8 41. Qe1 Qxe1+ 42. Rxe1 f4 43. Rxa7 fxe3 44. Rf1 Nf5 45. Bxf5 exf5 46. Rb1
Bh5 47. Rbb7 Rf7 48. Rxf7 Bxf7 49. Rxf7 Kxf7 50. a5 h5 51. a6 g4 52. a7 f4 53.
a8=Q f3 54. gxf3 gxh3 55. Qa2 1-0

[Event "II. CLANSKA LIGA ZAHOD 2012"]
[Site " Ljubljana"]
[Date "2012.10.27"]
[Round "7.1"]
[White "Bogdanovski, Vlatko"]
[Black "Rodman, Franc"]
[Result "1-0"]
[WhiteElo "2449"]
[BlackElo "2148"]
[PlyCount "33"]
[EventDate "2012.10.27"]
[WhiteTeam "SD KOPER"]
[BlackTeam "SD JESENICE"]

1. d4 Nf6 2. Nf3 c5 3. d5 b5 4. Bg5 Qa5+ 5. c3 Bb7 6. Bxf6 gxf6 7. e4 d6 8.
Nbd2 Nd7 9. a4 bxa4 10. Bd3 Ne5 11. Nxe5 fxe5 12. Nc4 Qc7 13. Qxa4+ Kd8 14. Na5
e6 15. O-O Bh6 16. Nxb7+ Qxb7 17. Bb5 1-0

[Event "II. CLANSKA LIGA ZAHOD 2012"]
[Site " Ljubljana"]
[Date "2012.10.27"]
[Round "7.2"]
[White "Zeleznik, Alojz"]
[Black "Golubovic, Boris"]
[Result "1/2-1/2"]
[WhiteElo "2202"]
[BlackElo "2418"]
[PlyCount "36"]
[EventDate "2012.10.27"]
[WhiteTeam "SD JESENICE"]
[BlackTeam "SD KOPER"]

1. e4 c6 2. d4 d5 3. exd5 cxd5 4. Bd3 Nc6 5. c3 Nf6 6. Bf4 Bg4 7. Qb3 Qd7 8.
Nd2 e6 9. Ngf3 Bxf3 10. Nxf3 Bd6 11. Bxd6 Qxd6 12. O-O O-O 13. Rfe1 Rab8 14.
Ne5 b5 15. a3 Na5 16. Qb4 Qc7 17. a4 bxa4 18. Qxa4 Nb3 1/2-1/2

[Event "II. CLANSKA LIGA ZAHOD 2012"]
[Site " Ljubljana"]
[Date "2012.10.27"]
[Round "7.3"]
[White "Sirnik, Bostjan"]
[Black "Jeraj, Zlatko"]
[Result "1-0"]
[WhiteElo "2233"]
[BlackElo "2070"]
[PlyCount "81"]
[EventDate "2012.10.27"]
[WhiteTeam "SD KOPER"]
[BlackTeam "SD JESENICE"]

1. d4 Nf6 2. Nf3 g6 3. Bf4 d6 4. e3 Bg7 5. h3 O-O 6. Be2 c5 7. c3 b6 8. O-O Bb7
9. a4 Nc6 10. Bh2 Qc7 11. Na3 Rad8 12. Nc4 Nb8 13. Nfd2 Qc8 14. Re1 Nbd7 15.
Bf3 d5 16. Ne5 Nxe5 17. Bxe5 Ne4 18. Bxg7 Kxg7 19. a5 Ng5 20. h4 Nxf3+ 21. Qxf3
f6 22. Qg3 Rde8 23. axb6 axb6 24. Ra7 e5 25. dxe5 fxe5 26. e4 Qb8 27. Rea1 Rf7
28. h5 dxe4 29. hxg6 hxg6 30. Nc4 Re6 31. Ne3 Ref6 32. Qg5 Rxf2 33. Ng4 e3 34.
Qh6+ Kg8 35. Nxe3 Rxb2 36. Qxg6+ Kf8 37. Rd1 Rff2 38. Rxb7 Qxb7 39. Rd8+ Ke7
40. Qe8+ Kf6 41. Rd6+ 1-0

[Event "II. CLANSKA LIGA ZAHOD 2012"]
[Site " Ljubljana"]
[Date "2012.10.27"]
[Round "7.4"]
[White "Hasanagic, Alen"]
[Black "Vrcon, Damijan"]
[Result "1-0"]
[WhiteElo "2124"]
[BlackElo "2167"]
[PlyCount "89"]
[EventDate "2012.10.27"]
[WhiteTeam "SD JESENICE"]
[BlackTeam "SD KOPER"]

1. d4 Nf6 2. c4 c5 3. d5 b5 4. cxb5 a6 5. bxa6 Bxa6 6. Nc3 g6 7. f4 Bg7 8. Nf3
O-O 9. e4 Bxf1 10. Rxf1 d6 11. e5 dxe5 12. fxe5 Ng4 13. Qe2 Nd7 14. e6 Nde5 15.
Ng5 fxe6 16. Nxe6 Rxf1+ 17. Kxf1 Nxh2+ 18. Kg1 Qd6 19. Bf4 Nhg4 20. Nxg7 Rf8
21. Bxe5 Nxe5 22. Re1 Nf3+ 23. gxf3 Qg3+ 24. Kh1 Rf4 25. Qe6+ Kxg7 26. Qxe7+
Kh6 27. Re2 Qxf3+ 28. Rg2 Qf1+ 29. Kh2 Qf3 30. Qg5+ Kg7 31. Qg3 Qh5+ 32. Kg1
Qf5 33. Qg5 Rf1+ 34. Kh2 Qd3 35. Qe5+ Kh6 36. Qe2 Qf5 37. Qe3+ Kg7 38. Qg5 Qd3
39. Qe5+ Kh6 40. Qg3 Rf3 41. Qh4+ Kg7 42. Rf2 Re3 43. Qf4 Rh3+ 44. Kg2 Rh5 45.
Qf8# 1-0

[Event "II. CLANSKA LIGA ZAHOD 2012"]
[Site " Ljubljana"]
[Date "2012.10.27"]
[Round "7.5"]
[White "Brecevic, Vladko"]
[Black "Hasanagic, Anel"]
[Result "1/2-1/2"]
[WhiteElo "2112"]
[BlackElo "2102"]
[PlyCount "88"]
[EventDate "2012.10.27"]
[WhiteTeam "SD KOPER"]
[BlackTeam "SD JESENICE"]

1. d4 Nf6 2. Nf3 g6 3. c4 Bg7 4. Nc3 d6 5. e4 O-O 6. Be2 c5 7. d5 Na6 8. h3 Nc7
9. O-O a6 10. Qc2 Rb8 11. a4 b5 12. cxb5 Nd7 13. Bd2 axb5 14. Nxb5 Ba6 15. Ba5
Bxb5 16. Bxb5 Qc8 17. Bxc7 Qxc7 18. Rab1 Rfc8 19. b3 Nb6 20. Nd2 Qa7 21. Nc4
Na8 22. Ne3 Bh6 23. Rfe1 Bg7 24. g3 Rxb5 25. axb5 Nc7 26. b6 Qxb6 27. b4 cxb4
28. Rec1 Bd4 29. Rb3 Bc5 30. Nc4 Qa7 31. Ne3 Rb8 32. Qd2 Nb5 33. Kg2 Qa4 34.
Rcb1 Na3 35. Qa2 Ra8 36. Rc1 Qe8 37. Qd2 Qb5 38. Qd3 Qb7 39. Nc2 Nxc2 40. Qxc2
Ra4 41. Rf3 Qa7 42. Rb1 Kg7 43. Qd2 Qd7 44. Rbb3 Ra3 1/2-1/2

[Event "II. CLANSKA LIGA ZAHOD 2012"]
[Site " Ljubljana"]
[Date "2012.10.27"]
[Round "7.6"]
[White "Hrenic, Misa"]
[Black "Kerma, Simon"]
[Result "1/2-1/2"]
[WhiteElo "2057"]
[BlackElo "2126"]
[PlyCount "36"]
[EventDate "2012.10.27"]
[WhiteTeam "SD JESENICE"]
[BlackTeam "SD KOPER"]

1. e4 c5 2. Nf3 d6 3. d4 cxd4 4. Nxd4 Nf6 5. Nc3 g6 6. Be3 Bg7 7. f3 Nc6 8. Qd2
O-O 9. O-O-O d5 10. Qe1 e5 11. Nxc6 bxc6 12. exd5 Nxd5 13. Bc4 Be6 14. Ne4 Re8
15. g4 Qb8 16. Bc5 Nf4 17. Qc3 Bd5 18. h4 h6 1/2-1/2

[Event "II. CLANSKA LIGA ZAHOD 2012"]
[Site " Ljubljana"]
[Date "2012.10.27"]
[Round "8.1"]
[White "Biti, Ozren"]
[Black "Rodman, Franc"]
[Result "1-0"]
[WhiteElo "2380"]
[BlackElo "2148"]
[PlyCount "45"]
[EventDate "2012.10.27"]
[WhiteTeam "SD HIDRIA AET TOLMIN"]
[BlackTeam "SD JESENICE"]

1. e4 e5 2. Nf3 Nc6 3. Bc4 Nf6 4. d3 Be7 5. O-O O-O 6. Re1 d6 7. a4 Bg4 8. h3
Bh5 9. c3 d5 10. exd5 Nxd5 11. a5 Qd7 12. Nxe5 Nxe5 13. Qxh5 Nxc4 14. dxc4 Nf6
15. Qf3 c5 16. a6 b6 17. Na3 Rad8 18. Nb5 Rfe8 19. Bf4 Bf8 20. Red1 Qf5 21.
Rxd8 Rxd8 22. Nxa7 Rd3 23. Be3 1-0

[Event "II. CLANSKA LIGA ZAHOD 2012"]
[Site " Ljubljana"]
[Date "2012.10.27"]
[Round "8.2"]
[White "Zeleznik, Alojz"]
[Black "Vandersmissen, Mathieu"]
[Result "1-0"]
[WhiteElo "2202"]
[BlackElo "2131"]
[PlyCount "73"]
[EventDate "2012.10.27"]
[WhiteTeam "SD JESENICE"]
[BlackTeam "SD HIDRIA AET TOLMIN"]

1. e4 d6 2. d4 Nf6 3. Nc3 g6 4. f4 Bg7 5. Nf3 c6 6. Be3 Qa5 7. Qd2 b5 8. Bd3
O-O 9. h3 a6 10. e5 Nd5 11. Nxd5 Qxd2+ 12. Bxd2 cxd5 13. exd6 exd6 14. a4 Re8+
15. Kd1 bxa4 16. Rxa4 Nd7 17. c3 Rb8 18. Kc2 Nb6 19. Ra2 Nc4 20. Bc1 Ne3+ 21.
Bxe3 Rxe3 22. Kd2 Re8 23. b4 Bh6 24. g3 Rb6 25. h4 Bg4 26. Re1 Ra8 27. Nh2 Bf5
28. Bxf5 gxf5 29. Ra5 Bf8 30. Nf1 Kg7 31. Ne3 Rb5 32. Rea1 Rab8 33. Nxf5+ Kf6
34. Ne3 Ke6 35. f5+ Kf6 36. g4 h5 37. g5+ 1-0

[Event "II. CLANSKA LIGA ZAHOD 2012"]
[Site " Ljubljana"]
[Date "2012.10.27"]
[Round "8.3"]
[White "Raspor, Gregor"]
[Black "Jeraj, Zlatko"]
[Result "0-1"]
[WhiteElo "2114"]
[BlackElo "2070"]
[PlyCount "52"]
[EventDate "2012.10.27"]
[WhiteTeam "SD HIDRIA AET TOLMIN"]
[BlackTeam "SD JESENICE"]

1. d4 d5 2. c4 c6 3. Nf3 Nf6 4. Nc3 Bf5 5. cxd5 Nxd5 6. Nd2 Nxc3 7. bxc3 e6 8.
e4 Bg6 9. Bd3 Be7 10. O-O O-O 11. Nf3 c5 12. Qb3 b6 13. Rd1 Nc6 14. d5 Na5 15.
Qa4 exd5 16. exd5 Bf6 17. Qc2 Qd6 18. Rb1 c4 19. Bxg6 hxg6 20. g3 Rfe8 21. Bf4
Qd7 22. d6 Nb7 23. Qd2 Rac8 24. Bg5 Re6 25. Bf4 Nc5 26. Re1 Ne4 0-1

[Event "II. CLANSKA LIGA ZAHOD 2012"]
[Site " Ljubljana"]
[Date "2012.10.27"]
[Round "8.4"]
[White "Hasanagic, Alen"]
[Black "Ursic, Mateja"]
[Result "1/2-1/2"]
[WhiteElo "2124"]
[BlackElo "2071"]
[PlyCount "23"]
[EventDate "2012.10.27"]
[WhiteTeam "SD JESENICE"]
[BlackTeam "SD HIDRIA AET TOLMIN"]

1. d4 c5 2. d5 e5 3. e4 d6 4. Nc3 a6 5. a4 Be7 6. Be2 Bg5 7. Bxg5 Qxg5 8. Nf3
Qe7 9. Nd2 b6 10. Nc4 Nd7 11. Ne3 g6 12. h4 1/2-1/2

[Event "II. CLANSKA LIGA ZAHOD 2012"]
[Site " Ljubljana"]
[Date "2012.10.27"]
[Round "8.5"]
[White "Hozjan, Erik"]
[Black "Hasanagic, Anel"]
[Result "1/2-1/2"]
[WhiteElo "1758"]
[BlackElo "2102"]
[PlyCount "104"]
[EventDate "2012.10.27"]
[WhiteTeam "SD HIDRIA AET TOLMIN"]
[BlackTeam "SD JESENICE"]

1. e4 c5 2. Nf3 a6 3. d4 cxd4 4. Nxd4 e5 5. Nb3 Nf6 6. Bd3 d5 7. exd5 Qxd5 8.
O-O Be6 9. Nc3 Qc6 10. Qe2 Nbd7 11. f4 Qc7 12. fxe5 Nxe5 13. Bf4 Bd6 14. Nd4
Qc5 15. Be3 Bg4 16. Qf2 Nxd3 17. cxd3 Qh5 18. Bf4 Bxf4 19. Qxf4 O-O 20. Nf5
Bxf5 21. Qxf5 Qxf5 22. Rxf5 Rfd8 23. Rd1 Rd4 24. Rc5 Rad8 25. Rc7 b5 26. Ra7 h5
27. Rxa6 b4 28. Na4 Rxd3 29. Rxd3 Rxd3 30. Rb6 Ng4 31. Kf1 Nxh2+ 32. Ke2 Rd4
33. Nc5 Rg4 34. Kf2 Rg5 35. Nd3 Ng4+ 36. Kf3 Ra5 37. Nxb4 Ne5+ 38. Kg3 g5 39.
a3 Rc5 40. a4 Nc4 41. Rb5 Rxb5 42. axb5 Nb6 43. Nd3 f5 44. Ne5 Kf8 45. Nf3 f4+
46. Kf2 g4 47. Ne5 Ke8 48. Ng6 Nd5 49. g3 fxg3+ 50. Kxg3 Kd8 51. Ne5 Nf6 52.
Kh4 Kc7 1/2-1/2

[Event "II. CLANSKA LIGA ZAHOD 2012"]
[Site " Ljubljana"]
[Date "2012.10.27"]
[Round "8.6"]
[White "Hrenic, Misa"]
[Black "Winkler, Silvo"]
[Result "0-1"]
[WhiteElo "2057"]
[BlackElo "1658"]
[PlyCount "95"]
[EventDate "2012.10.27"]
[WhiteTeam "SD JESENICE"]
[BlackTeam "SD HIDRIA AET TOLMIN"]

1. e4 d6 2. d4 Nf6 3. Nc3 g6 4. f4 c6 5. Nf3 Bg7 6. a4 Nbd7 7. e5 Ng4 8. Ng5
Nh6 9. Bc4 d5 10. Be2 e6 11. O-O b6 12. b4 a5 13. bxa5 Rxa5 14. Ba3 Nf5 15. Qd2
h6 16. Nf3 Ba6 17. Bb4 Bxe2 18. Nxe2 Ra6 19. Qc3 Qa8 20. Rfb1 Bf8 21. Bxf8 Kxf8
22. Qa3+ Kg8 23. g4 Ng7 24. Qd6 Ra7 25. Nc3 Kh7 26. Rb2 Rd8 27. Qb4 h5 28. h3
hxg4 29. hxg4 Ne8 30. Rba2 c5 31. Qb3 Nc7 32. Nb5 Nxb5 33. axb5 Rxa2 34. Rxa2
Qb7 35. Ng5+ Kg7 36. c3 Rh8 37. Qa4 Rb8 38. Qc2 Rh8 39. f5 Rh4 40. Qg2 exf5 41.
gxf5 cxd4 42. Qg3 Rh5 43. fxg6 fxg6 44. Rf2 Kh6 45. Nf7+ Kg7 46. Nd6 Qa8 47.
Rf7+ Kh6 48. Rxd7 0-1

[Event "II. CLANSKA LIGA ZAHOD 2012"]
[Site " Ljubljana"]
[Date "2012.10.27"]
[Round "8.1"]
[White "Bajzelj, Primoz"]
[Black "Bogdanovski, Vlatko"]
[Result "0-1"]
[WhiteElo "2049"]
[BlackElo "2449"]
[PlyCount "132"]
[EventDate "2012.10.27"]
[WhiteTeam "SD SIMP RADOVLJICA"]
[BlackTeam "SD KOPER"]

1. d4 Nf6 2. c4 e6 3. Nc3 Bb4 4. Qc2 d6 5. Nf3 O-O 6. e3 b6 7. Bd3 Bb7 8. Bd2
Nbd7 9. a3 Bxc3 10. Bxc3 c5 11. O-O Rc8 12. Nd2 cxd4 13. exd4 d5 14. b3 Qc7 15.
h3 Rfd8 16. Rfe1 Nf8 17. Qd1 Ng6 18. Nf3 dxc4 19. bxc4 b5 20. c5 Nd5 21. Bb2
Ndf4 22. Bf1 Qc6 23. Kh2 Rb8 24. Qb3 Ba8 25. Rab1 a6 26. Qc3 Qc7 27. Kg1 Nd5
28. Qb3 Nde7 29. Rbd1 Bd5 30. Qc3 a5 31. Nd2 Nc6 32. Qe3 Nge7 33. g4 Ng6 34.
Bg2 Nce7 35. Ne4 Nf4 36. f3 Nxg2 37. Kxg2 Ng6 38. Rh1 f5 39. Nd6 Rxd6 40. cxd6
Qxd6 41. Bc1 Nh4+ 42. Kf2 Rc8 43. Qf4 Rc2+ 44. Kg3 Qd8 45. Qg5 Qxg5 46. Bxg5
Nxf3 47. Kf4 Nxg5 48. Kxg5 Bxh1 49. Rxh1 fxg4 50. hxg4 Rd2 51. Re1 Kf7 52. Re5
Rxd4 53. Rxb5 Rd5+ 54. Rxd5 exd5 55. Kf5 g6+ 56. Ke5 h5 57. gxh5 gxh5 58. Kxd5
Kf6 59. Ke4 Ke6 60. Kf4 Kd5 61. Kg5 Kc4 62. Kxh5 Kb3 63. a4 Kxa4 64. Kg4 Kb3
65. Kf3 a4 66. Ke2 Kb2 0-1

[Event "II. CLANSKA LIGA ZAHOD 2012"]
[Site " Ljubljana"]
[Date "2012.10.27"]
[Round "8.2"]
[White "Golubovic, Boris"]
[Black "Buha, Drago"]
[Result "1-0"]
[WhiteElo "2418"]
[BlackElo "2011"]
[PlyCount "29"]
[EventDate "2012.10.27"]
[WhiteTeam "SD KOPER"]
[BlackTeam "SD SIMP RADOVLJICA"]

1. c4 e5 2. Nc3 Nf6 3. Nf3 Nc6 4. g3 Bc5 5. Bg2 d6 6. d3 O-O 7. O-O Bg4 8. h3
Be6 9. Bg5 h6 10. Bh4 g5 11. Nxg5 hxg5 12. Bxg5 Qd7 13. Bxf6 Bxh3 14. Qd2 Kh7
15. Qg5 1-0

[Event "II. CLANSKA LIGA ZAHOD 2012"]
[Site " Ljubljana"]
[Date "2012.10.27"]
[Round "8.3"]
[White "Razinger, Igor"]
[Black "Sirnik, Bostjan"]
[Result "1/2-1/2"]
[WhiteElo "2031"]
[BlackElo "2233"]
[PlyCount "102"]
[EventDate "2012.10.27"]
[WhiteTeam "SD SIMP RADOVLJICA"]
[BlackTeam "SD KOPER"]

1. d4 d5 2. Nf3 c6 3. c4 Nf6 4. g3 Bf5 5. Bg2 e6 6. O-O Nbd7 7. Nbd2 Be7 8. b3
O-O 9. Bb2 Ne4 10. Nxe4 Bxe4 11. Qd2 a5 12. c5 f5 13. Rac1 Bxf3 14. exf3 e5 15.
dxe5 Nxc5 16. f4 Ne6 17. Rfd1 Bb4 18. Qe2 Qe7 19. Qc2 g6 20. h4 h5 21. a4 Kh7
22. Bf3 Kh6 23. Kg2 Ba3 24. Rb1 Bxb2 25. Rxb2 Qb4 26. Qd2 Qxd2 27. Rdxd2 Rf7
28. Bd1 Ra6 29. b4 axb4 30. Rxb4 Ra5 31. Rdb2 Nc5 32. Bc2 Rf8 33. Kf3 Rfa8 34.
Ke2 R8a7 35. Kf3 Kg7 36. Kg2 Kf7 37. f3 Ke6 38. Kf2 Nxa4 39. Bxa4 Rxa4 40. Rxa4
Rxa4 41. Rxb7 d4 42. Rg7 Ra2+ 43. Ke1 c5 44. Rxg6+ Kd5 45. Rd6+ Kc4 46. e6 d3
47. Kf1 Kc3 48. Rd5 Ra1+ 49. Kf2 Ra2+ 50. Kf1 Ra1+ 51. Kf2 Kc4 1/2-1/2

[Event "II. CLANSKA LIGA ZAHOD 2012"]
[Site " Ljubljana"]
[Date "2012.10.27"]
[Round "8.4"]
[White "Vrcon, Damijan"]
[Black "Krivec, Metod"]
[Result "1/2-1/2"]
[WhiteElo "2167"]
[BlackElo "1825"]
[PlyCount "62"]
[EventDate "2012.10.27"]
[WhiteTeam "SD KOPER"]
[BlackTeam "SD SIMP RADOVLJICA"]

1. c4 d6 2. Nc3 g6 3. g3 Bg7 4. Bg2 e5 5. Nf3 Ne7 6. O-O O-O 7. d3 Nd7 8. Rb1
a5 9. a3 Rb8 10. b4 axb4 11. axb4 b6 12. Qb3 Bb7 13. Bd2 h6 14. Ra1 Re8 15. Ra2
Kh7 16. Rfa1 f5 17. e4 Nf8 18. Ra7 Nc6 19. R7a4 Ne6 20. exf5 gxf5 21. Nh4 Ncd4
22. Qd1 Bxg2 23. Kxg2 f4 24. Qh5 Qg5 25. Qxg5 hxg5 26. Nf3 Nb3 27. R1a3 g4 28.
Ng5+ Nxg5 29. Rxb3 f3+ 30. Kf1 Ne6 31. Ne4 Kg6 1/2-1/2

[Event "II. CLANSKA LIGA ZAHOD 2012"]
[Site " Ljubljana"]
[Date "2012.10.27"]
[Round "8.5"]
[White "Torkar, Boris"]
[Black "Brecevic, Vladko"]
[Result "0-1"]
[WhiteElo "1849"]
[BlackElo "2112"]
[PlyCount "76"]
[EventDate "2012.10.27"]
[WhiteTeam "SD SIMP RADOVLJICA"]
[BlackTeam "SD KOPER"]

1. d4 Nf6 2. c4 e6 3. Nc3 d5 4. e3 Be7 5. Nf3 a6 6. c5 b6 7. cxb6 cxb6 8. Be2
Bb7 9. O-O Nbd7 10. b3 Bd6 11. Bb2 Qe7 12. Rc1 O-O 13. Re1 Rfc8 14. Rf1 Rc7 15.
Qd3 Ba3 16. Qb1 Rac8 17. Ne5 Nxe5 18. dxe5 Nd7 19. f4 Bxb2 20. Qxb2 Qc5 21. Kh1
Qxe3 22. Rf3 Qc5 23. Bd3 g6 24. Ne2 Qb4 25. Rcf1 Nc5 26. Bb1 Ne4 27. Rd1 Nc3
28. Nxc3 Rxc3 29. a3 Qc5 30. b4 Qc7 31. Bd3 Rc1 32. Qe2 Rxd1+ 33. Qxd1 Qc1 34.
Be2 Qxd1+ 35. Bxd1 Rc1 36. Rd3 Bc6 37. h4 Ba4 38. Kh2 Bxd1 0-1

[Event "II. CLANSKA LIGA ZAHOD 2012"]
[Site " Ljubljana"]
[Date "2012.10.27"]
[Round "8.1"]
[White "Plenca, Julijan"]
[Black "Kodric, Vladimir"]
[Result "1-0"]
[WhiteElo "2327"]
[BlackElo "1946"]
[PlyCount "91"]
[EventDate "2012.10.27"]
[WhiteTeam "MATRIKA ZVO - SD STARI TRG OB KOLPI"]
[BlackTeam "SD LOSKA DOLINA"]

1. e4 e6 2. d4 d5 3. Nd2 c5 4. Ngf3 cxd4 5. exd5 Qxd5 6. Bc4 Qd8 7. O-O Nf6 8.
Nb3 Nc6 9. Nbxd4 Nxd4 10. Nxd4 a6 11. Bb3 Be7 12. c3 O-O 13. Qf3 Qc7 14. h3 Bd7
15. Re1 Rae8 16. Bf4 Qc8 17. Rad1 Bc6 18. Nxc6 Qxc6 19. Qxc6 bxc6 20. Ba4 Nd5
21. Be5 Rc8 22. Bc2 Bf6 23. Bd6 Rfd8 24. Ba3 c5 25. Bd3 a5 26. Ba6 Rc7 27. Re4
Nb6 28. Rxd8+ Bxd8 29. g3 g6 30. Re3 Be7 31. Bf1 Nd5 32. Re4 Nb6 33. b3 Nd5 34.
Ra4 Nxc3 35. Rxa5 Nxa2 36. Ra8+ Bf8 37. Bb5 Nb4 38. Bb2 Nc6 39. Bf6 Ne7 40. Be5
Rc8 41. Ra6 Bg7 42. Bd6 Nf5 43. Bd7 Nxd6 44. Bxc8 Nxc8 45. Ra8 Bc3 46. Rxc8+
1-0

[Event "II. CLANSKA LIGA ZAHOD 2012"]
[Site " Ljubljana"]
[Date "2012.10.27"]
[Round "8.2"]
[White "Drobnic, Janez"]
[Black "Juranic, Bruno"]
[Result "0-1"]
[WhiteElo "1779"]
[BlackElo "2189"]
[PlyCount "92"]
[EventDate "2012.10.27"]
[WhiteTeam "SK LOSKA DOLINA"]
[BlackTeam "MATRIKA ZVO - SD STARI TRG OB KOLPI"]

1. d4 d5 2. c4 Nc6 3. e3 e5 4. cxd5 Qxd5 5. Nc3 Bb4 6. Bd2 Bxc3 7. bxc3 Qd6 8.
Bb5 Nge7 9. Ne2 O-O 10. O-O a6 11. Bd3 f5 12. Bc4+ Kh8 13. Bc1 Na5 14. Bb3 b5
15. dxe5 Qxe5 16. Qd4 Nec6 17. Qxe5 Nxe5 18. Bd5 Bb7 19. Bxb7 Nxb7 20. Rd1 Rfd8
21. Ba3 c5 22. Rf1 Nc4 23. Bc1 a5 24. h4 Rd3 25. g3 Rad8 26. e4 fxe4 27. Bg5
R8d7 28. Rae1 h6 29. Bc1 Ne5 30. Kg2 Nf3 31. Nf4 Nxe1+ 32. Rxe1 Rd1 33. Rxe4
Rxc1 34. Ng6+ Kg8 35. h5 Rd8 36. Re7 Nd6 37. Rc7 c4 38. Ne7+ Kh7 39. Ng6 b4 40.
cxb4 axb4 41. Nf4 Ne8 42. Rb7 c3 43. Rxb4 c2 44. Rc4 Nd6 45. Rc7 Rc8 46. Rd7
Rd1 0-1

[Event "II. CLANSKA LIGA ZAHOD 2012"]
[Site " Ljubljana"]
[Date "2012.10.27"]
[Round "8.3"]
[White "Kobe, Uros"]
[Black "Stanic, Vitko"]
[Result "1-0"]
[WhiteElo "2192"]
[BlackElo "1796"]
[PlyCount "61"]
[EventDate "2012.10.27"]
[WhiteTeam "MATRIKA ZVO - SD STARI TRG OB KOLPI"]
[BlackTeam "SK LOSKA DOLINA"]

1. e4 d6 2. d4 Nf6 3. Nc3 Nbd7 4. Be3 e5 5. Bc4 a5 6. h3 Be7 7. Nf3 exd4 8.
Qxd4 Nc5 9. O-O-O O-O 10. g4 Be6 11. Be2 Qc8 12. Nh2 Ne8 13. f4 f6 14. h4 c6
15. f5 Bf7 16. g5 Kh8 17. Ng4 b5 18. h5 Nd7 19. g6 Bg8 20. h6 Ne5 21. hxg7+
Nxg7 22. Nh6 Bc4 23. Bxc4 bxc4 24. Nf7+ Nxf7 25. Rxh7+ Kg8 26. Rdh1 Rd8 27.
gxf7+ Kxf7 28. Rxg7+ Kxg7 29. Qd1 Rg8 30. Qh5 Kf8 31. Bh6+ 1-0

[Event "II. CLANSKA LIGA ZAHOD 2012"]
[Site " Ljubljana"]
[Date "2012.10.27"]
[Round "8.4"]
[White "Loknar, Kresimir"]
[Black "Baric, Dusan"]
[Result "0-1"]
[WhiteElo "1707"]
[BlackElo "2051"]
[PlyCount "94"]
[EventDate "2012.10.27"]
[WhiteTeam "SK LOSKA DOLINA"]
[BlackTeam "MATRIKA ZVO - SD STARI TRG OB KOLPI"]

1. d4 Nf6 2. c4 g6 3. Nc3 Bg7 4. e4 d6 5. f4 O-O 6. Nf3 c5 7. d5 e6 8. Be2 exd5
9. exd5 Bg4 10. O-O Na6 11. a3 Nc7 12. h3 Bxf3 13. Bxf3 a6 14. Qd3 Qd7 15. Bd2
b5 16. b3 Nfe8 17. Rae1 Rb8 18. Bd1 f5 19. Re2 Nf6 20. Rfe1 Rfe8 21. Rxe8+ Rxe8
22. Rxe8+ Qxe8 23. Be2 b4 24. axb4 cxb4 25. Nd1 a5 26. Bf3 Na6 27. Be3 Nd7 28.
g4 Ndc5 29. Qc2 fxg4 30. hxg4 a4 31. bxa4 b3 32. Qb1 Qxa4 33. f5 Qxc4 34. fxg6
Qc2 35. gxh7+ Kxh7 36. Qc1 Qxc1 37. Bxc1 Nb4 38. Bb2 Nbd3 39. Bxg7 Kxg7 40. Nc3
Kf6 41. Kf1 b2 42. Ke2 Ke5 43. Kd2 Na4 44. Nb1 Kd4 45. Bd1 Nb6 46. Na3 Nc4+ 47.
Nxc4 b1=Q 0-1

[Event "II. CLANSKA LIGA ZAHOD 2012"]
[Site " Ljubljana"]
[Date "2012.10.27"]
[Round "8.5"]
[White "Bedic, Slavko"]
[Black "Drobnic, Milan"]
[Result "1-0"]
[WhiteElo "2000"]
[BlackElo "1731"]
[PlyCount "43"]
[EventDate "2012.10.27"]
[WhiteTeam "MATRIKA ZVO - SD STARI TRG OB KOLPI"]
[BlackTeam "SK LOSKA DOLINA"]

1. c4 d6 2. Nc3 Nf6 3. g3 g6 4. Bg2 Bg7 5. Nf3 O-O 6. d4 c6 7. O-O Bg4 8. h3
Bd7 9. e4 Qc8 10. Kh2 c5 11. d5 Na6 12. Re1 Nc7 13. e5 Nfe8 14. Bf4 a6 15. Ne4
dxe5 16. Nxe5 g5 17. Nxd7 gxf4 18. Nb6 fxg3+ 19. fxg3 Qd8 20. Nxa8 Kh8 21. Nxc7
Qxc7 22. Qd3 1-0

[Event "II. CLANSKA LIGA ZAHOD 2012"]
[Site " Ljubljana"]
[Date "2012.10.27"]
[Round "8.6"]
[White "Bavec, Vinko"]
[Black "Turkovic, Igor"]
[Result "0-1"]
[WhiteElo "1615"]
[BlackElo "1901"]
[PlyCount "88"]
[EventDate "2012.10.27"]
[WhiteTeam "SK LOSKA DOLINA"]
[BlackTeam "MATRIKA ZVO - SD STARI TRG OB KOLPI"]

1. d4 Nf6 2. Nf3 g6 3. g3 Bg7 4. Bg2 c5 5. c3 cxd4 6. cxd4 O-O 7. O-O d6 8. Nc3
Nbd7 9. e4 e5 10. d5 Nc5 11. Re1 Bg4 12. h3 Bxf3 13. Bxf3 a6 14. Be3 Rc8 15.
Bg2 Ne8 16. Rc1 f5 17. Bxc5 Rxc5 18. Na4 Rxc1 19. Qxc1 f4 20. gxf4 exf4 21. f3
Be5 22. Re2 Nc7 23. Nc3 Rf7 24. Rc2 Kg7 25. Ne2 g5 26. Kf1 h5 27. Rc4 Qd7 28.
Ng1 Ne8 29. b3 g4 30. Qe1 g3 31. Qc1 Qb5 32. Ne2 Qb6 33. Qe1 Rc7 34. Bh1 h4 35.
Kg2 Qe3 36. Rxc7+ Nxc7 37. Kf1 Nb5 38. Nc1 Qd4 39. Ne2 Qd3 40. Kg2 Nc3 41. Kf1
Bd4 42. Bg2 Nd1 43. Qa5 Ne3+ 44. Ke1 Qd1# 0-1